000 00278nam a2200121Ia 4500
008 190216s9999||||xx |||||||||||||| ||und||
100 _aRajan C
245 0 _aWinged Words
260 _bThe Macmillan Press Ltd
_c1971
300 _a125p
650 _aEnglish Poetry
942 _cBK
999 _c12534
_d12534